000
00228nam a22000977a 4500
999
_c
264677
_d
264676
020
_a
9780141371375
100
_a
Roald Dahl
245
_a
Danny the Champion of the World
260
_a
UK
_b
Penguin Random House
_c
1975
942
_c
BK